LEADER 02404oam 2200505 450 001 9910787329803321 005 20190911103513.0 010 $a0-429-07190-6 010 $a1-4665-7221-3 024 7 $a10.1201/b16259 035 $a(OCoLC)868928102 035 $a(MiFhGG)GVRL8QEG 035 $a(EXLCZ)992670000000394354 100 $a20130920h20142014 uy 0 101 0 $aeng 135 $aurun|---uuuua 181 $ctxt 182 $cc 183 $acr 200 10$aAnalysis of complex diseases $ea mathematical perspective /$fGuanyu Wang 210 1$aBoca Raton :$cCRC Press, Taylor & Francis Group,$d[2014] 210 4$d?2014 215 $a1 online resource (xxi, 196 pages) $cillustrations (some color) 225 0 $aGale eBooks 300 $aDescription based upon print version of record. 311 $a1-4665-7223-X 320 $aIncludes bibliographical references. 327 $aFood intake and energy metabolism -- Glucose homeostasis -- Optimal glucose homeostasis -- Bistability as a fundamental phenomenon -- Biomolecular network -- P13K-AKT-TOR pathway -- Diseases related to metabolism -- Mathematical modeling of the P13K-AKT-TOR Pathway -- Fundamental decomposition -- Normal phenotype -- Disease phenotypes -- Tao of diseases. 330 $aA complex disease involves many etiological and risk factors operating at multiple levels-molecular, cellular, organismal, and environmental. The incidence of such diseases as cancer, obesity, and diabetes are increasing in occurrence, urging us to think fundamentally and use a broader perspective to identify their connection and revolutionize treatments. The understanding of biological data derived from studying diseases can be enhanced by theories and mathematical models, which clarify the big picture and help to reveal the overarching mechanisms that govern complex biological phenomena.< 606 $aMetabolism$xDisorders 606 $aSystems biology 606 $aBiological models 606 $aGenetic disorders 615 0$aMetabolism$xDisorders. 615 0$aSystems biology. 615 0$aBiological models. 615 0$aGenetic disorders. 676 $a616.3/9 700 $aWang$b Guanyu$c(Physicist),$01584767 801 0$bMiFhGG 801 1$bMiFhGG 906 $aBOOK 912 $a9910787329803321 996 $aAnalysis of complex diseases$93868735 997 $aUNINA LEADER 03344oam 2200529 c 450 001 9910477318603321 005 20250513223440.0 024 7 $a10.3726/b12308 035 $a(CKB)4340000000239369 035 $a(oapen)https://directory.doabooks.org/handle/20.500.12854/26659 035 $a(PH02)9783866883079 035 $a(oapen)doab26659 035 $a(EXLCZ)994340000000239369 100 $a20240525d2013 uy 0 101 0 $ager 135 $aurnnunnnannuu 181 $ctxt$2rdacontent 182 $cc$2rdamedia 183 $acr$2rdacarrier 200 00$aDostojewskij: Frühe Prosa - ein Petersburger Laboratorium$fGudrun Goes 205 $a1st, New ed. 210 $aFrankfurt a.M$cPH02$d2013 215 $a1 online resource (170 p.)$c, EPDF 225 0 $aJahrbuch der Deutschen Dostojewskij-Gesellschaft$v19 300 $aPeter Lang GmbH, Internationaler Verlag der Wissenschaften 311 08$a3-86688-307-2 327 $aAlexander Woll, Ekaterina Poljakova: Dostoevskij und die Scho?nheit des Bo?sen - Olga Caspers: Die Wirtin und Ein schwaches Herz. Misslungenes Experiment oder erfolgreiche Prolegomena zum Spa?twerk? Aus der allereigensten Enge - Maja Nemere "Bednye ljudi": Der Kampf um die Autorschaft - Sabine Merten: Dostoevskijs "Doppelganger" zwischen pathologischem Fall und literarischem Text - Renate Hansen-Kokorus?: Fedor Dostoevskijs Petersburger Chronik. Ein literarisches Laboratorium - Maike Schult: Fascinosum et tremendum. Dostoevskijs Schaffen im Portratvergleich - Konstantin Barscht: "Verbrechen und Strafe" in den Zeichnungen von F. M. Dostoevskij - Christel Kliemann: Der aufgeschobene Wahnsinn. Die Dekonstruktion von Bedeutung in Fedor Dostoevskij "Bo?se Geister" - Clemens Heithus: Deutsche Dostoevskij-Bibliographie 2011 - Maike Schult: Rezensionen 330 $aAus dem Inhalt: Gudrun Goes, Vorwort; Alexander Wo?ll, Ekaterina Poljakova, Dostoevskij und die Scho?nheit des Bo?sen; Olga Caspers, Die Wirtin und Ein schwaches Herz: Misslungenes Experimant oder erfolgreiche Prolegomena zum Spa?twerk? Aus der allereigensten Enge; Maja Nemere, "Bednye ljudi": Der Kampf um die Autorenschaft; Sabine Merten, Dostoevskijs "Doppelga?nger" zwischen pathologischem Fall und literarischem Text; Renate Hansen-Kokorus?, Fe?dor Dostoevskij Petersburger Chronik - ein literarisches Laboratorium; Maike Schult, Fascinosum et tremendum. Dostoevskijs Schaffen im Protra?tvergleich; Konstantin Barscht, "Verbrechen und Strafe" in den Zeichnungen von F. M. Dostoevskij; Christel Kliemann, Der aufgeschobene Wahnsinn. Die Dekonstruktion von Bedeutung in Fe?dor Dostoevskij: Bo?se Geister; Clemens Heithus, Deutsche Dostojewskij-Bibliographie 2011; Maike Schult, Rezensionen. 517 $aDostojewskij 606 $aLiterature & literary studies$2bicssc 610 $aDostojewskij 610 $aFrühe 610 $aGoes 610 $aLaboratorium 610 $aLiteraturwissenschaft 610 $aPetersburger 610 $aProsa 610 $aRussland 615 7$aLiterature & literary studies 700 $aGoes$b Gudrun$4edt$01282236 702 $aGoes$b Gudrun$4edt 801 0$bPH02 801 1$bPH02 906 $aBOOK 912 $a9910477318603321 996 $aDostojewskij: Fru?he Prosa - ein Petersburger Laboratorium$94173774 997 $aUNINA